Preguntas encadenadas

Na minha lista:
Detalhes bibliográficos
Formato: Livro
Idioma:espanhol
Publicado em: Recanati ELI 2009
Colecção:Jugamos en español
Assuntos:
Tags: Adicionar Tag
Sem tags, seja o primeiro a adicionar uma tag!

MARC

LEADER 00000nam a2200000 4500
001 0242792
005 20240226134253.8
020 |a 978-88-536-0471-2 
041 0 |a spa 
044 |a IT 
245 1 0 |a Preguntas encadenadas 
264 1 |a Recanati  |b ELI  |c 2009 
300 |e karty 
490 1 |a Jugamos en español 
830 0 |a Jugamos en español 
500 |a Jazykové hry. 
610 2 0 |a jazykoveda 
610 2 0 |a terminológia 
610 2 0 |a jazyky cudzie 
610 2 0 |a španielčina 
610 2 0 |a hry